Statistics for Guess The Scientist

Click here to take the quiz!

General Stats

  • This quiz has been taken 33 times
  • The average score is 9 of 15

Answer Stats

Answer% Correct
Albert Einstein
100%
Isaac Newton
96%
Stephen Hawking
96%
Galileo Galilei
92%
Marie Curie
92%
Nikola Tesla
92%
Thomas Edison
79%
Niels Bohr
54%
Ernest Rutherford
46%
Louis Pasteur
46%
Charles Darwin
42%
Michael Faraday
38%
Archimedes
25%
Amedeo Avogadro
8%
Robert Hooke
0%

Score Distribution

Percentile by Number Answered

Percent of People with Each Score

Your Score History

You have not taken this quiz